000 00691nam a2200229Ia 4500
003 OSt
005 20220925183200.0
006 a|||||r|||| 00| 0
007 ta
008 220923b |||||||| |||| 00| 0 eng d
037 _cGeneral Book
040 _aRTL
_cRTL
_beng
041 _2eng
_aeng
082 _aXM,62:1.2.N9, N4
100 _aBisotra Ratan Lal
_9257932
245 0 _aAgricultural development through co-operative banks
260 _aDelhi
_bDeep & Deep
_c1994
300 _aviii, 380p Bibliography: P 371-76
_ccm.
650 _aCo-operative Economics
_9232758
942 _hXM,62:1.2.N9, N4
_cGB
_2CC
999 _c504138
_d504138